| 000 | 00790nam a22002057a 4500 | ||
|---|---|---|---|
| 999 |
_c6891 _d6891 |
||
| 003 | AR-CdUCM | ||
| 008 | 190319b ||||| |||| 00| 0 spa d | ||
| 040 |
_aMUNICIPALIDAD PROVINCIAL DEL CUSCO _cBIBLIOTECA MUNICIPAL DEL CUSCO |
||
| 082 |
_a620 / _bC78 |
||
| 100 |
_aCorzo, Miguel Ángel _919420 |
||
| 245 | _aIntroducción a la ingeniería de proyectos / | ||
| 260 |
_aMexico, D. F : _bLimusa, _c1973. |
||
| 300 |
_a226 páginas ; _bIlustraciones, _c23 cm. |
||
| 505 | _aIntroducción a la ingeniería -- Ingeniería de proyectos -- La administración de un proyecto -- Metodología para desarrollar un proyecto -- Estudios económicos ... | ||
| 650 |
_aIngeniería _910043 |
||
| 650 |
_aProyectos _94155 |
||
| 650 |
_aEstudios económicos _919421 |
||
| 942 |
_2ddc _cLIBROS |
||
| 945 | _aacv | ||